000 00465nam a2200193 4500
005 20240216145141.0
008 240215b2022 |||||||| |||| 00| 0 spa d
020 _a9788467912616
041 _aESP
082 _a741.595.2 I76a5
100 _aIsayama, Hajime
245 _aAtaque a los titanes 5
260 _aEstados Unidos
260 _bNorma Editorial
260 _c2022
650 _aNOVELA GRÁFICA
650 _aCÓMICS JAPONESES
942 _2ddc
_cLIT
999 _c13655
_d13655